| 000 | 00367nam a2200109Ia 4500 | ||
|---|---|---|---|
| 008 | 230907s9999||||xx |||||||||||||| ||und|| | ||
| 082 |
_a620.1185 _bIMP |
||
| 245 | 0 | _aImpact behaviour of fibre-reinforced composite materials and structures/ | |
| 260 |
_aCRC Press ; | Woodhead Pub., _bBoca Raton : | Cambridge, England : _c2000 |
||
| 300 | _axiii, 303 p. : | ||
| 942 | _cBK | ||
| 999 |
_c600813 _d600813 |
||